00474 a2200181 450000100060000002000130000604000240001910000170004324000250006024500200008530000070010536200090011244000120012165000310013394200070016495201040017199900170027569973 a85089856 cAnchieta - Itaigara aHugo, Victor10aOs miseráveislpor10aOs miseráveis a540 a2004 1aÁtica 4aLiteratura infanto-juvenil cBK 00104070a88.1b88.1d2023-11-21l0o028.5 HUG MISp2905/ITAr2023-11-21 20:04:46w2023-11-21yBK c69973d69973